Duke review of MRI principles / (رقم التسجيلة. 35305)

تفاصيل مارك
000 -الفاتح
حقل البيانات ثابتة الطول 02032cam a22003378a 4500
001 - رقم الضبط
رقم الضبط 17088619
003 - محدد رقم الضبط
رقم الضبط OSt
005 - وقت وتاريخ اخر تعامل مع التسجيلة
رقم الضبط 20150408114220.0
008 - عناصر البيانات ثابتة الطول - معلومات عامة
حقل البيانات ثابتة الطول 111215s2012 pau b 001 0 eng
010 ## - رقم ضبط مكتبة الكونجرس
رقم ضبط مكتبة الكونجرس 2011051754
020 ## - الرقم الدولى المعيارى للكتب
الرقم الدولى المعيارى للكتاب 9781455700844 (pbk. : alk. paper)
035 ## - رقم ضبط النظام
رقم ضبط النظام (DNLM)101574715
040 ## - مصدر الفهرسة
وكالة الفهرسة الأصلية DNLM/DLC
وكالة النسخ DLC
042 ## - رمز التحقق
رمز التحقق pcc
060 10 - رقم الطلب بالمكتبة الطبية الوطنية
رقم التصنيف WN 18.2
082 00 - رقم تصنيف ديوى العشرى
رقم التصنيف 616.07548 DRD
رقم الطبعة 23
245 00 - بيان العنوان
العنوان Duke review of MRI principles /
بيان المسئوليه,etc Wells Mangrum ... [et al.].
246 1# - العنوان الموازى
عنوان صحيح/عنوان مختصر Review of MRI principles
260 ## - PUBLICATION, DISTRIBUTION, ETC. (IMPRINT)
مكان الناشر او الموزع Philadelphia, PA :
اسم الناشر او الموزع Elsevier/Mosby,
تاريخ النشر أو التوزيع c2012.
263 ## - تاريخ النشر المتوقع
تاريخ النشر المتوقع 1204
300 ## - الوصف المادى
التعداد p. ;
أبعاد الوعاء cm.
490 1# - بيان السلسلة
عنوان السلسلة Case review series
504 ## - تبصرة ببليوجرافية
تبصرة ببليوجرافية,الخ Includes bibliographical references and index.
505 0# - تبصرة محتويات-الفهرس
تبصرة المحتويات المصاغة T1 contrast / Phil Hoang ... [et al.] -- T2 contrast / Scott Duncan and Tim Amrhein -- Proton density / Kimball Christianson ... [et al.] -- Gadolinium-based contrast agents / Kimball Christianson, Allen Song, Elmar Merkle -- Preparatory pulses / Phil Hoang ... [et al.] -- Inversion recovery / Phil Hoang ... [et al] -- Chemical shift type II artifact / Scott Duncan and Tim Amrhein -- Susceptibility artifact / Wells Mangrum, Elmar Merkle, Allen Song -- Motion, pulsation and other artifacts / Kimball Christianson ... [et al.] -- Flow related contrast / Scott Duncan and Tim Amrhein -- Time of flight imaging / Scott Duncan and Tim Amrhein -- Time-resolved contrast enhanced MRA / Kimball Christianson ... [et al.] -- Phase contrast / Scott Duncan and Tim Amrhein -- Diffusion MRI / Kimball Christianson ... [et al.] -- Perfusion MRI / Wells Mangrum ... [et al.] -- Magnetic resonance spectroscopy / Wells Mangrum, Allen Song, Jeffrey Petrella -- Function MRI -- Wells Mangrum ... [et al.].
650 12 - المدخل الاضافى بالموضوع-مصطلح موضوعى
مصطلح موضوعي أو اسم جغرافي كعنصر مدخل Magnetic Resonance Imaging
التقسيم الفرعي الشكلي Case Reports.
9 (RLIN) 11153
650 12 - المدخل الاضافى بالموضوع-مصطلح موضوعى
مصطلح موضوعي أو اسم جغرافي كعنصر مدخل Magnetic Resonance Imaging
التقسيم الفرعي الشكلي Problems and Exercises.
9 (RLIN) 18734
700 1# - المدخل الاضافى - اسم شخصى
الإسم الشخصى Mangrum, Wells.
9 (RLIN) 45667
830 #0 - المدخل الاضافى بالسلسلة -عنوان موحد
عنوان موحد Case review series.
9 (RLIN) 45668
906 ## - عنصر بيانات محلى F, LDF (RLIN)
a 7
b cbc
c orignew
d 1
e ecip
f 20
g y-gencatlg
942 ## - عناصر المدخل الإضافي( كوها)
مصدر التصنيف او مخطط الترفيف Dewey Decimal Classification
Koha [default] item type كتاب
المقتنيات
حالة الفقد نموذج السعر الفعال حالة تلف ليس للاعارة رقم الطلب رقم النسخة تاريخ الاكتساب الموقع الحالي الباركود الفرع الرئيسي Date last seen نوع المادة فى نظام كوها مصدر التصنيف او خطة الترفيف Total Checkouts
  2014-06-24   Not For Loan 616.07548 DRD 1 2014-06-24 المكتبة المركزية بالمجمعة (CL) 00307345 المكتبة المركزية بالمجمعة (CL) 2014-06-24 كتاب Dewey Decimal Classification  
  2014-06-24     616.07548 DRD 2 2014-06-24 المكتبة المركزية بالمجمعة (CL) 00307346 المكتبة المركزية بالمجمعة (CL) 2014-06-24 كتاب Dewey Decimal Classification